[Event "Paris-ch op-A 89th"]
[Site "Paris"]
[Date "2014.07.13"]
[Round "9"]
[White "Feuga, Quentin"]
[Black "Sahetchian, Armand"]
[Result "0-1"]
[WhiteElo "2114"]
[BlackElo "2186"]
[PlyCount "154"]
[EventDate "2014.07.05"]
[EventType "swiss"]
[EventRounds "9"]
[EventCountry "FRA"]
[SourceTitle "EXT 2016"]
[Source "ChessBase"]
[SourceDate "2015.10.08"]
[SourceVersion "1"]
[SourceVersionDate "2015.10.08"]
[SourceQuality "1"]

1. d4 Nf6 2. c4 e6 3. Nf3 d5 4. Bg5 h6 5. Bxf6 Qxf6 6. e3 c6 7. Nc3 Nd7 8. Bd3 dxc4 9. Bxc4 Bb4 10. Rc1 0-0 11. 0-0 e5 12. a3 Ba5 13. b4 exd4 14. exd4 Bc7 15. Qe2 Nb6 16. Bd3 Bf5 17. Ne4 Bxe4 18. Qxe4 g6 19. Rfe1 Rad8 20. Ne5 Qd6 21. Qh4 Qxd4 22. Re4 Qb2 23. Qxh6 Bxe5 24. Rh4 Rfe8 25. Bxg6 Bg7 26. Bxf7+ Kf8 27. Qf4 Re4 28. Qg5 Rxh4 29. Qxd8+ Kxf7 30. Re1 Bf6 31. Qc7+ Kg6 32. Qg3+ Kh6 33. h3 Qc3 34. Re3 Qa1+ 35. Kh2 Nc4 36. Re6 Qd4 37. Qg8 Qf4+ 38. Kg1 Qc1+ 39. Kh2 Qf4+ 40. Kg1 Qg5 41. Qf8+ Kg6 42. Qe8+ Kh7 43. Qf7+ Bg7 44. g3 Rxh3 45. Kg2 Rh5 46. Re7 Nd6 47. Qe6 Qd5+ 48. f3 Qxe6 49. Rxe6 Re5 50. Rxd6 Re3 51. Rd7 Rxa3 52. Rxb7 Kg6 53. f4 Rb3 54. Rxa7 Rxb4 55. Ra6 Rc4 56. Kf3 Bh6 57. Kg4 Bf8 58. Rb6 Rc3 59. Ra6 Kf6 60. Rb6 Ke6 61. Ra6 Kd7 62. Ra7+ Ke6 63. Ra6 Kd5 64. Ra8 Bd6 65. Rg8 c5 66. Kf5 Rf3 67. Kg4 Rf1 68. Kg5 Bxf4+ 69. Kh5 Be5 70. Rd8+ Ke6 71. g4 c4 72. g5 c3 73. Rc8 Rh1+ 74. Kg6 Rh8 75. Rxc3 Rg8+ 76. Kh7 Rg7+ 77. Kh8 Bxc3 0-1

[Event "Paris-ch blitz"]
[Site "Paris"]
[Date "2011.??.??"]
[Round "1"]
[White "Vaisser, Anatoli"]
[Black "Feuga, Quentin"]
[Result "1-0"]
[WhiteElo "2545"]
[BlackElo "2092"]
[PlyCount "55"]
[EventDate "2011.01.30"]
[EventType "swiss (blitz)"]
[EventRounds "13"]
[EventCountry "FRA"]
[SourceTitle "EXT 2012"]
[Source "ChessBase"]
[SourceDate "2011.11.24"]
[SourceVersion "1"]
[SourceVersionDate "2011.11.24"]
[SourceQuality "1"]

1. d4 Nf6 2. c4 c5 3. d5 e6 4. Nc3 exd5 5. cxd5 d6 6. e4 g6 7. f4 Bg7 8. Nf3 0-0 9. Be2 Bg4 10. 0-0 Bxf3 11. Bxf3 Nbd7 12. Re1 Re8 13. g4 h6 14. h4 a6 15. g5 Nh7 16. Bg4 b5 17. e5 dxe5 18. f5 hxg5 19. fxg6 fxg6 20. hxg5 Nhf8 21. Ne4 Qb6 22. Be3 b4 23. Rc1 Rac8 24. Rf1 Re7 25. d6 Ree8 26. Qd5+ Kh8 27. Kg2 Qc6 28. Rh1+ 1-0

[Event "Paris-ch op-A"]
[Site "Paris"]
[Date "2010.07.06"]
[Round "4"]
[White "Feuga, Quentin"]
[Black "Bernabeu, Xavier"]
[Result "1-0"]
[WhiteElo "2119"]
[BlackElo "1975"]
[PlyCount "79"]
[EventDate "2010.07.03"]
[EventType "swiss"]
[EventRounds "9"]
[EventCountry "FRA"]
[SourceTitle "CBM 137 Extra"]
[Source "ChessBase"]
[SourceDate "2010.09.01"]
[SourceVersion "1"]
[SourceVersionDate "2010.09.01"]
[SourceQuality "1"]

1. d4 Nf6 2. c4 c5 3. d5 b5 4. cxb5 a6 5. bxa6 g6 6. Nf3 d6 7. Nc3 Bxa6 8. g3 Bg7 9. Bg2 0-0 10. 0-0 Nbd7 11. Rb1 Qc7 12. Qc2 Rfb8 13. Rd1 Nb6 14. b3 Bc8 15. e4 Ng4 16. h3 Ne5 17. Nxe5 Bxe5 18. Nb5 Qd7 19. a4 Ba6 20. f4 Bg7 21. Bf1 Bxb5 22. axb5 Bd4+ 23. Kh1 f5 24. Re1 fxe4 25. Qxe4 Ra2 26. Be3 Bf6 27. g4 Rf8 28. b4 Na4 29. bxc5 Nc3 30. Qc4 dxc5 31. g5 Bxg5 32. Ra1 Rxa1 33. Rxa1 Bf6 34. Rc1 Nxd5 35. Rd1 e6 36. Bxc5 Qc7 37. Bxf8 Qxc4 38. Bxc4 Kxf8 39. Bxd5 exd5 40. Rxd5 1-0

[Event "FRA-chT2 North 0809"]
[Site "France"]
[Date "2008.11.23"]
[Round "3.3"]
[White "Cozic, Erwan"]
[Black "Feuga, Quentin"]
[Result "0-1"]
[WhiteElo "2059"]
[BlackElo "2124"]
[PlyCount "43"]
[EventDate "2008.10.19"]
[EventType "team-tourn"]
[EventRounds "11"]
[EventCountry "FRA"]
[SourceTitle "EXT 2010"]
[Source "ChessBase"]
[SourceDate "2010.11.25"]
[SourceVersion "1"]
[SourceVersionDate "2010.11.25"]
[SourceQuality "1"]
[WhiteTeam "Gonfreville II"]
[BlackTeam "Saint Mande"]
[WhiteTeamCountry "FRA"]
[BlackTeamCountry "FRA"]

1. d4 Nf6 2. c4 c5 3. d5 e6 4. Nc3 exd5 5. cxd5 d6 6. e4 g6 7. f4 Bg7 8. Bb5+ Nfd7 9. e5 dxe5 10. fxe5 0-0 11. e6 fxe6 12. dxe6 Qh4+ 13. g3 Bxc3+ 14. bxc3 Qe4+ 15. Qe2 Qxh1 16. Bh6 Qxg1+ 17. Kd2 Qxa1 18. Bc4 Qb2+ 19. Kd1 Qxe2+ 20. Kxe2 Nf6 21. e7+ Rf7 22. Bg5 0-1

[Event "Paris-ch op-A"]
[Site "Paris"]
[Date "2008.07.03"]
[Round "6"]
[White "Laurent, Julien G"]
[Black "Feuga, Quentin"]
[Result "1-0"]
[WhiteElo "2294"]
[BlackElo "2124"]
[PlyCount "74"]
[EventDate "2008.06.28"]
[EventType "swiss"]
[EventRounds "9"]
[EventCountry "FRA"]
[SourceTitle "CBM 125 Extra"]
[Source "ChessBase"]
[SourceDate "2008.09.01"]
[SourceVersion "1"]
[SourceVersionDate "2008.09.01"]
[SourceQuality "1"]

1. Nf3 Nf6 2. c4 e6 3. g3 d5 4. Bg2 c6 5. 0-0 Nbd7 6. b3 Bd6 7. Bb2 e5 8. cxd5 cxd5 9. Nc3 0-0 10. Nb5 Bb8 11. Ba3 Re8 12. Nd6 Bxd6 13. Bxd6 Qb6 14. Ba3 Nf8 15. Qc2 Bg4 16. h3 Rac8 17. Qb2 Bxf3 18. Bxf3 e4 19. Bg2 Ne6 20. Rfc1 Nd4 21. Bf1 Ne6 22. Rxc8 Rxc8 23. Rc1 Rxc1 24. Qxc1 Qc7 25. Qb1 Nd7 26. Bb2 f6 27. h4 Ne5 28. Bh3 Kf7 29. Qd1 g6 30. d3 exd3 31. exd3 Nc6 32. Qf3 Qd8 33. Qe3 f5 34. Qh6 Qg8 35. Bg2 d4 36. Bd5 Kf6 37. Qg5+ Ke5 1-0

[Event "Paris-ch"]
[Site "Paris"]
[Date "2006.07.12"]
[Round "4"]
[White "Lebrun, Xavier"]
[Black "Feuga, Quentin"]
[Result "1/2-1/2"]
[WhiteElo "2220"]
[BlackElo "2038"]
[PlyCount "66"]
[EventDate "2006.07.08"]
[EventType "swiss"]
[EventRounds "9"]
[EventCountry "FRA"]
[SourceTitle "EXT 2007"]
[Source "ChessBase"]
[SourceDate "2006.11.23"]
[SourceVersion "1"]
[SourceVersionDate "2006.11.23"]
[SourceQuality "1"]

1. e4 e6 2. d4 d5 3. e5 c5 4. c3 Qb6 5. Nf3 Nc6 6. Bd3 Bd7 7. dxc5 Bxc5 8. 0-0 Qc7 9. b4 Bb6 10. Re1 Nge7 11. a4 a6 12. h4 Ng6 13. Qe2 f6 14. Bxg6+ hxg6 15. exf6 gxf6 16. Be3 e5 17. Nbd2 Bxe3 18. Qxe3 Ne7 19. Nb3 Nf5 20. Qd3 Qc4 21. Qxc4 dxc4 22. Nc5 Bc6 23. b5 Bxf3 24. gxf3 Nxh4 25. Reb1 Nxf3+ 26. Kg2 Nd2 27. bxa6 bxa6 28. Rb7 Nb3 29. Nxb3 cxb3 30. Rd1 b2 31. Rdd7 b1Q 32. Re7+ Kd8 33. Red7+ Kc8 1/2-1/2